| 000 | 00536nam a2200157Ia 4500 | ||
|---|---|---|---|
| 008 | 230907s9999||||xx |||||||||||||| ||und|| | ||
| 082 |
_a621.3 _bTAR |
||
| 100 |
_aTariq Mehmood (00000172489) _9116420 |
||
| 245 | 0 | _aDevelopment of Microbial Desalination Cell (MDC) for seawater desalination, wastewater treatment and bioelectricity generation / | |
| 260 |
_aUSPCAS-E, NUST, _bIslamabad : _c2018 |
||
| 300 | _a72 p. | ||
| 520 | _aTH-125 | ||
| 650 | _aMS-ESE Thesis MS Thesis | ||
| 700 |
_aDr. Rabia Liaquat _928881 |
||
| 942 |
_cTHE _2ddc |
||
| 999 |
_c601804 _d601804 |
||